Clases y sociedad en la Unión Soviética
Uloženo v:
| Hlavní autor: | |
|---|---|
| Médium: | Kniha |
| Jazyk: | španělština |
| Vydáno: |
Madrid
Alianza
1977
|
| Edice: | Alianza Universidad
|
| Témata: | |
| Tagy: |
Přidat tag
Žádné tagy, Buďte první, kdo vytvoří štítek k tomuto záznamu!
|
MARC
| LEADER | 00000nam a2200000 a 4500 | ||
|---|---|---|---|
| 001 | UCP8921 | ||
| 003 | CL-VaPUC | ||
| 008 | 000317e19770000SP |||||||||||||||||spa|d | ||
| 082 | 0 | 4 | |a 306.0947 |b MAT |2 21 |
| 100 | |a Matthews, Mervyn |e autor |9 439192 | ||
| 245 | 1 | 0 | |a Clases y sociedad en la Unión Soviética |
| 300 | |a 401 p | ||
| 942 | |c BK | ||
| 945 | |d 20000317 00:00:00 |a crobeson | ||
| 260 | |a Madrid |b Alianza |c 1977 | ||
| 600 | 0 | 7 | |a PARTIDO COMUNISTA |2 CL-VaPUC |9 403786 |
| 650 | 0 | |a Historia social |9 313638 | |
| 650 | 0 | |a Clases sociales |9 256858 | |
| 650 | 7 | |a ESTRUCTURA SOCIAL |2 CL-VaPUC |9 439193 | |
| 650 | 7 | |a PARTICIPACION POLITICA |2 CL-VaPUC |9 439194 | |
| 651 | 0 | |a Unión Soviética |9 256769 | |
| 583 | |a last modification |c 20000317 00:00:00 |k Rodrigo Vera | ||
| 490 | 0 | |a Alianza Universidad | |
| 999 | |c 285781 |d 285779 | ||
| 952 | |0 0 |1 0 |4 0 |6 306_094700000000000_MAT_1977 |7 0 |8 A |9 330562 |a BIBHIS |b BIBHIS |d 2019-11-20 |i 1391674 |o 306.0947 MAT 1977 |p 1391674 |r 2025-01-20 |w 2019-11-20 |y BK |k HIS | ||